[Event "ISR-chT"]
[Site "Israel"]
[Date "1997.??.??"]
[Round "1"]
[White "Milov, Vadim"]
[Black "Alterman, Boris"]
[Result "1/2-1/2"]
[WhiteElo "2610"]
[BlackElo "2595"]
[Annotator "Alterman,B"]
[PlyCount "59"]
[EventDate "1997.??.??"]
[EventType "team"]
[EventRounds "11"]
[EventCountry "ISR"]
[SourceTitle "CBM 059"]
[Source "ChessBase"]
[SourceDate "1997.08.01"]
[SourceVersion "1"]
[SourceVersionDate "1997.08.01"]
[SourceQuality "1"]

1. d4 Nf6 2. c4 e6 3. Nc3 Bb4 4. e3 O-O 5. Bd3 d5 6. a3 Bxc3+ 7. bxc3 dxc4 8.
Bxc4 c5 9. Ne2 (9. Bb2 Qa5 {N} (9... Nc6 10. Nf3 Qc7 11. Bd3 e5 12. Qc2 cxd4
13. cxd4 e4 14. Bxe4 Nxe4 15. Qxe4 Qa5+ 16. Nd2 Bf5 17. Qf4 Qb5 $44 {Addison,
W-Reshevsky,S/Palma de Mallorca izt (11) 1970}) (9... Qc7 10. Bd3 b6 11. Qe2
Nc6 12. e4 e5 13. d5 Na5 14. h3 c4 15. Bc2 Nd7 16. Nf3 Nc5 17. O-O Ba6 18. Ne1
Rad8 {1/2-1/2 Petrosian,T-Najdorf,M/Buenos Aires 29/(546) 1979}) 10. Nf3 (10.
Qd2 Nbd7 11. Rc1 b5 12. Bd3 Bb7 13. Nf3 Rac8 14. c4 (14. O-O $2 Bxf3 15. gxf3
cxd4 16. exd4 Nb6 $17) 14... Qxd2+ 15. Kxd2 bxc4 16. Rxc4 (16. Bxc4 Ne4+ 17.
Ke2 Nb6 18. Bd3 c4 $36) 16... Ne4+ 17. Bxe4 (17. Ke2 $2 Ba6 18. Rc2 cxd4 19.
Rxc8 Bxd3+ 20. Kxd3 Nxf2+ 21. Ke2 Rxc8 22. Kxf2 Rc2+ $17) 17... Bxe4 18. Rhc1
Bd5 19. Ra4 $2 (19. R4c3 Nf6) (19. R4c2 {>=} Be4 20. Rc4 $11) 19... Nb6 $17 20.
Rxa7 Nc4+ 21. Rxc4 (21. Kc3 cxd4+ 22. exd4 Rc6 $1 $17 {/\Rb8}) (21. Kc2 cxd4
22. Bxd4 Nxe3+ 23. Kd2 Rxc1 24. Kxc1 Nxg2 $17) 21... Bxc4 22. Ne5 cxd4 23. Bxd4
Bb3 $1 24. Nd7 Rfd8 25. Bb6 Ra8 26. Rxa8 Rxa8 $19 {0-1 Milov,V-Tiviakov,S/
Buenos Aires Najdorf (03) ,CBM 53 1996 (43)}) 10... cxd4 11. exd4 b6 12. O-O (
12. a4 Ba6 13. Nd2 Rc8 14. Bxa6 Qxa6 15. c4 Nbd7 16. O-O Qa5 17. Re1 Rc7 18.
Re3 Rac8 19. Rb3 Ne8 20. Rb5 Qa6 21. Ba3 Ndf6 22. Qb3 {1-0 Milov,V-Lautier,J/
Biel SKA (02) ;CBM 55_09 1996 (34)}) 12... Ba6 13. Bd3 Rc8 14. Rc1 Bxd3 15.
Qxd3 b5 16. Nd2 Nbd7 17. a4 b4 18. c4 Qxa4 19. Ra1 Qc6 20. Ra5 Ne8 21. Rfa1 a6
22. h3 h6 23. R1a4 Rcb8 24. Qb3 Qb7 25. Ra1 Rd8 26. Qa4 {Milov,V-Granda Zuniga,
J/Buenos Aires Najdorf (06) ,CBM 53 05 1996/1/2-1/2 (60)}) 9... Nc6 (9... Qc7
10. Bd3 e5 11. O-O Nc6 12. Qc2 Be6 13. Ng3 cxd4 14. cxd4 exd4 15. Bb2 Rac8 16.
exd4 Qf4 17. Ne2 Qh6 18. Bc1 Qh4 19. Qb2 Nd5 20. Qxb7 Nxd4 21. Qb2 Nxe2+ 22.
Qxe2 Rfd8 23. Qe5 Nc3 24. Ba6 Rd5 25. Qf4 Qh5 {1/2-1/2 Ibragimov,I-Dizdar,G/
EuClub Cup Final, Budapest HUN (04) 1996 (36)}) 10. Ng3 {N} (10. O-O e5 11. a4
(11. Bb2 Be6 12. Bxe6 fxe6 13. Qb3 Qd5 14. Qa2 Qxa2 15. Rxa2 Rac8 $11) 11...
Qc7 12. Ba2 Rd8 13. Qc2 (13. d5 e4 14. f4 c4 15. Bxc4 Bg4 16. Rf2 Na5 17. Ba2
Nc4 18. Qd4 Rac8 19. Rb1 Nxd5 20. Qxc4 Qxc4 21. Bxc4 Rxc4 22. Rxb7 Rxa4 23. Nd4
Nxc3 24. Rc2 Nd5 25. h3 Be6 26. f5 Rxd4 27. exd4 Bxf5 28. g4 Be6 29. Rxa7 h5
30. gxh5 {1/2-1/2 Pomes,J-Psakhis,L/Manresa 1996}) 13... Ne7 14. dxe5 Qxe5 15.
f3 Nfd5 16. e4 Nb4 17. cxb4 Qxa1 18. bxc5 Qf6 19. Bb2 Qh6 20. f4 Bg4 21. h3
Bxe2 22. Qxe2 Rac8 23. Qc4 Rf8 24. Be5 Rc6 25. Qd4 b6 26. Bd6 bxc5 27. Bxc5 {
1-0 Gulko,B-Thorfinnsson,B/Reykjavik PCA op (04) 1996 (35)}) 10... e5 11. d5
Na5 12. Ba2 Bd7 $5 $146 (12... Ne8 $1 13. e4 (13. Ne4 $6 b6 14. O-O Ba6 15. Re1
f5 16. Nd2 Nd6 $15) (13. c4 $5 {Dolmatov} Nd6 14. Qc2 Bd7 15. Bb2 f6 16. Rc1
$132 {/\Bb1}) 13... Nd6 14. O-O f6 15. f4 Bd7 16. f5 $2 (16. Be3 b6 17. fxe5
fxe5 18. Qh5 Nac4 19. Bxc4 Nxc4 20. Bg5 Rxf1+ 21. Rxf1 Qe8 22. Qh4 Nxa3 23. Nh5
$44 {/\Bf6}) 16... Bb5 17. Rf2 (17. Re1 $5 {Dolmatov} Bc4 18. Be3 b6 19. Bf2
$15 {/\Ng3-f1-d2}) 17... Bc4 $1 18. Qg4 (18. Bb1 $4 Nb3 19. Raa2 Nxc1 $19)
18... Bxa2 19. Raxa2 Rf7 20. Nh5 Kf8 $1 (20... Qb6 $2 {Dolmatov} 21. Bh6 Qb1+
22. Rf1 Qxa2 23. Bxg7 $40) 21. Rf3 Nac4 22. Rg3 Qb6 $1 23. Re2 (23. Nxg7 $2 {
Dolmatov} Qb1 24. Ne6+ Ke7 $19) 23... Ke7 {0-1 Milov,V-Psakhis,L/Haifa (07) ,
CBM 46 1995 (47)}) (12... e4 $6 {Dolmatov} 13. c4 b6 14. Bb2 Re8 15. Qc2 Nb7
$132) 13. c4 (13. O-O Bb5 14. Re1 e4 15. Bb1 Re8 $15) (13. Rb1 Ne8 (13... a6
14. c4 b5 $132) 14. O-O (14. c4 Nd6 15. Qc2 f5 $13) 14... Nd6) 13... b5 14.
cxb5 Bxb5 15. f3 (15. e4 $1) 15... Rb8 (15... e4 $1 16. fxe4 (16. Bb2 exf3 (
16... Nc4 $1 17. Bxc4 (17. Bxf6 Qxf6 18. Nxe4 Qb2 19. Bxc4) 17... Bxc4 18. Bxf6
Qxf6 19. Rc1 (19. Nxe4 Qb2 $1 20. Nd2 Bxd5 $15) 19... Bd3 $44 20. fxe4 $1 c4)
17. Qxf3 Nc4 18. Bxf6 Qa5+ 19. Kf2 Qd2+ 20. Kg1 gxf6 $14 21. Nf5 $132) 16...
Re8 17. Bb1 Rb8 $1 18. Bc2 h5 19. Qf3 Nc4 $36) 16. e4 Nd7 17. Rb1 $6 (17. Qc2
$5 Ba6 18. Kf2 Nb6 $13) (17. Nf5 g6 18. Nh6+ Kg7 19. Ng4 Qh4+ 20. g3 Qh3 21.
Bh6+ Kg8 22. Bxf8 Qg2 23. Nf2 Kxf8 $44) 17... Bc4 18. Rxb8 Qxb8 19. Bxc4 (19.
Qa4 Qb5 20. Qxb5 Bxb5 21. Bd2 Nb7 $2 (21... Nc4 22. Bxc4 Bxc4 23. Kf2 Rb8 $132)
22. Nf5 $1) 19... Nxc4 20. O-O Nd6 $15 21. Qa4 Qc7 22. f4 $5 (22. Bd2 Rb8 23.
Rc1) 22... f6 (22... c4 23. fxe5 Qc5+ 24. Kh1 Nxe5 25. Bf4 Qd4) 23. h3 Rb8 (
23... c4 24. fxe5 (24. Qc6 Rc8 25. Qxc7 Rxc7 $17) (24. Be3 c3 25. fxe5 Nxe5 26.
Qxa7 Qxa7 27. Bxa7 Rc8 $17) 24... Nxe5 25. Be3 c3 26. Rc1 Nd3 27. Rc2 Rb8 28.
Qc6 Rc8 29. Qxc7 Rxc7 30. Bd4) 24. Be3 Nb6 $6 25. Qc6 $8 Qxc6 26. dxc6 Rc8 27.
fxe5 fxe5 28. Bxc5 Rxc6 29. Bb4 g6 $1 30. Rd1 1/2-1/2

[Event "Poikovsky Karpov 15th"]
[Site "Poikovsky"]
[Date "2014.05.16"]
[Round "5"]
[White "Eljanov, Pavel"]
[Black "Bologan, Viktor"]
[Result "0-1"]
[WhiteElo "2732"]
[BlackElo "2655"]
[Annotator "Bologan,V"]
[PlyCount "104"]
[EventDate "2014.05.11"]
[EventType "tourn"]
[EventRounds "9"]
[EventCountry "RUS"]
[EventCategory "18"]
[SourceTitle "CBM 161"]
[Source "ChessBase"]
[SourceDate "2014.07.16"]
[SourceVersion "1"]
[SourceVersionDate "2014.07.16"]
[SourceQuality "1"]

1. d4 d5 2. c4 e6 3. Nc3 Bb4 4. e3 Nf6 {Now the game has transposed to a
Nimzo-Indian with 4.e3.} 5. a3 Bxc3+ 6. bxc3 O-O 7. cxd5 exd5 8. Bd3 c5 {
This is the one of the most important and typical positions in the whole
Nimzo-Indian. Black has given up a bishop for a knight, but in exchange he has
got free development of his pieces and some pressure in the centre.} 9. Ne2 b6
10. O-O Ba6 $1 {It's always good to remember that the advantage of the two
bishops can be reduced by exchanging one of the bishops.} 11. f3 Re8 12. Ng3
Bxd3 13. Qxd3 Nc6 14. Ra2 {One of the two possible setups. As after} (14. Bb2 {
White wants to prepare e4. After this advance his bishop will become much
stronger and also White can get good attacking chances.} c4 (14... Qd7 {
is not enough, because White can already play} 15. e4 $1 {and both of his
centre pawns are protected.}) (14... Rc8 15. Rae1 cxd4 16. cxd4 Ne7 17. e4 Qc7
18. e5 Nd7 19. Rc1 Qb7 20. f4 Rxc1 21. Bxc1 Qc6 22. f5 $16 {Le Quang Liem 2709
- Nguyen Van Huy 2414 , Ho Chi Minh City VIE 15.3.2014 4th HD Bank Cup 2014}) (
14... Na5 15. Rae1 Nc4 16. Bc1 cxd4 17. cxd4 Rc8 18. e4 b5 19. e5 Nd7 20. f4
Qb6 21. Kh1 f6 22. Nh5 g6 23. Ng3 f5 24. Ne2 Nf8 25. g4 $1 $16 {Ushenina,A
2501 - Zhu Chen 2461 , Khanty-Mansiysk RUS 27.4.2014 World Blitz Women 2014})
15. Qd2 h5 (15... b5 {tries to create counterplay on the queenside quickly.}
16. Rae1 a5 17. Qf2 b4 18. e4 Rb8 19. e5 Nd7 20. f4 bxc3 21. Bxc3 Rb3 {
Ushenina,A 2501 - Muminova,N 2321 , Khanty-Mansiysk RUS 9.4.2014 4th WGP 2014})
16. Rae1 h4 17. Nh1 b5 18. Nf2 a5 19. e4 Rb8 20. e5 Nh7 21. f4 b4 22. f5 Qg5)
14... Qd7 15. Re2 ({After} 15. dxc5 bxc5 {,} 16. c4 {is not possible because of
} Ne5) 15... Rad8 16. Bb2 {White has his d- and his e-pawn well protected and
is ready for the advance e4.} h5 $1 {A typical idea in this kind of position
and in general against the knight on g3. It is not so clear how to react to
the black kicker.} 17. Ree1 (17. Rd1 Re6 18. Qf5 h4 19. Nh1 Ne7 20. Qd3 Ng6 21.
Nf2 Rde8 22. Rde1 Qe7 23. Nh3 Qb7 24. a4 Qc6 25. Qb5 Qc7 26. Qb3 R6e7 $11 {
Dzagnidze,N 2557 - Koneru,H 2607 , Beijing CHN 14.12.2013 SportAccord Blitz
Women 2013}) 17... h4 18. Nh1 ({On} 18. Nf5 {I was going to trade knights by}
Ne7 {since} 19. Nxh4 {is not good because of} g5 $1 {and the knight is trapped.
}) 18... h3 19. g4 Nh7 $1 {While preparing this line I was very delighted to
see this idea, which not only allows Black to stop the march of White's pawns,
but also to establish firm control on the kingside.} 20. Ng3 Ng5 {Now if White
plays f4, the e4-square would become weak.} 21. Kh1 Na5 22. Nh5 Re7 23. Nf4
Rde8 {That was the most difficult moment of the game. I understood that I was
better, but concrete continuations did not satisfy me at all. So I spent most
of my time advantage and ended up playing a normal move.} ({Instead the
computer suggests the paradoxical} 23... Ree8 24. Rf2 Nc4 25. Bc1 b5 $17 {
with full control over the position.}) 24. dxc5 Nc4 25. Bc1 Ne5 {I went for
this pawn sacrifice since I knew that there is no positional risk and that I
will always have compensation thanks to my better king and active pieces.} 26.
Qe2 (26. Qd1 Rd8 $1 27. cxb6 axb6 28. Nxd5 $5 (28. e4 dxe4 29. Qxd7 Rexd7 $19)
28... Nexf3 29. Rxf3 Qxd5 30. Qxd5 Rxd5 $17) (26. Qxd5 bxc5 $1 $17) 26... bxc5
27. Rd1 {Here we were both approaching severe time trouble, but Black's play
is much easier and more pleasant.} d4 $3 {The classical pawn breakthrough in
the centre; the key point of this sacrifice is to open the long diagonal for
the black queen.} 28. cxd4 cxd4 29. Rxd4 Qc6 30. Nd5 (30. e4 Nexf3 $19) 30...
Nexf3 $1 (30... Rd7 {was also possible:} 31. Nb4 Qb7 32. Rxd7 Qxd7 {and there
is no defence against ...Nexf3.}) 31. Nxe7+ Rxe7 32. Rd8+ Kh7 33. Qd3+ g6 34.
Rd6 Qb7 35. Rd5 Ne5 36. Qb5 Qa8 {White is an exchange up, but he can not stop
Black's attack on the long diagonal.} 37. Kg1 Ngf3+ ({A subtle move like} 37...
Rc7 {didn't come to my mind in time trouble, even if it's very natural to take
the open file.} 38. e4 Qc8 $1 {with a double attack against c1 and g4.}) 38.
Kf2 Nxh2 39. Rh1 a6 40. Qb3 Nhxg4+ 41. Ke2 h2 {The time trouble is over and I
still have to win this game.} 42. e4 Qc6 43. Bd2 (43. Rxe5 Nxe5 44. Rxh2+ Kg7
$19) 43... Kg7 44. Qc3 Qf6 45. Qg3 Rc7 {Threatening ...Rc4.} 46. Rxe5 $5 Nxe5
47. Bc3 Rc4 {The only winning move, but that's enough.} 48. Kd1 Rxe4 49. Rxh2
Qf1+ 50. Kc2 Re2+ 51. Rxe2 Qxe2+ 52. Kb3 f6 0-1

[Event "Morelia/Linares 23rd"]
[Site "Morelia/Linares"]
[Date "2006.02.20"]
[Round "3"]
[White "Bacrot, Etienne"]
[Black "Vallejo Pons, Francisco"]
[Result "1/2-1/2"]
[WhiteElo "2717"]
[BlackElo "2650"]
[Annotator "CB"]
[PlyCount "36"]
[EventDate "2006.02.18"]
[EventType "tourn"]
[EventRounds "14"]
[EventCountry "ESP"]
[EventCategory "20"]
[SourceTitle "CBM 112"]
[Source "ChessBase"]
[SourceDate "2006.06.07"]
[SourceVersion "1"]
[SourceVersionDate "2006.06.07"]
[SourceQuality "1"]

1. d4 d5 2. c4 e6 3. Nc3 Bb4 4. a3 Bxc3+ 5. bxc3 Nf6 6. e3 O-O 7. cxd5 exd5 8.
Bd3 c5 9. Ne2 {#Since Botwinnik, this structure has been considered favourable
for White. Vallejo comes up with an intersting move that, withoug being an
absolute novelty, has never been played at high level so far.} Bg4 ({Black's
id ea is to transfer the bishop to g6 in order to make White's thematic
advance of the e-pawn more difficult. Vallejo might have been inspired by the
following classical and well forgotten game:} 9... Nc6 10. O-O Bg4 11. f3 Bh5
12. Rb1 b6 13. Nf4 Bg6 14. g4 cxd4 15. cxd4 Rc8 16. Rb2 Bxd3 17. Qxd3 Ne7 18.
g5 Ne8 19. e4 Ng6 20. Ne2 f6 21. gxf6 Nxf6 22. e5 Nh5 23. f4 Qh4 24. Qf3 Kh8
25. Be3 {and a draw was agreed in Reshevsky-Fischer, Los Angeles 1961.
Postponing Bg4 until White has castled seems to make sense, because it
inhibits the plan chosen by Bacrot, but on the other hand White can play 10.f3
first, forcing Black to return to the normal lines of the Sämisch Attack.}) 10.
f3 Bh5 11. Nf4 Bg6 12. Be2 Nc6 13. h4 h5 14. O-O Ne7 15. dxc5 Qa5 16. Nxg6 fxg6
17. Rb1 Qxc5 18. c4 dxc4 {#This does not look like a typical drawish position.
While it is easy to understand the players reluctance to embark in an
irrational fight, from the spectator's point of view it is a bit dissapointing
that they didn't play on. White's pair of bishop is compensated by his
inferior development and I suspect that in principle the position is balanced
indeed.} 1/2-1/2

[Event "Jermuk FIDE GP (Women)"]
[Site "Jermuk"]
[Date "2012.07.19"]
[Round "3"]
[White "Khurtsidze, Nino"]
[Black "Zhao, Xue"]
[Result "0-1"]
[WhiteElo "2456"]
[BlackElo "2556"]
[Annotator "CB"]
[PlyCount "84"]
[EventDate "2012.07.16"]
[EventType "tourn"]
[EventRounds "11"]
[EventCountry "ARM"]
[EventCategory "11"]
[SourceTitle "CBM 150"]
[Source "ChessBase"]
[SourceDate "2012.09.14"]
[SourceVersion "1"]
[SourceVersionDate "2012.09.14"]
[SourceQuality "1"]

{Judging from her performance in the opening rounds, it seems apparent that
Georgian star Nino Khurtsidze is not in the best form. Immediately after the
opening, Zhao Xue equalized with Black and, after the benefit of a few
positional inaccuracies of her opponent, was able to emerge much better:} 1. d4
Nf6 2. c4 e6 3. Nc3 Bb4 4. e3 O-O 5. Bd3 d5 6. Nge2 dxc4 7. Bxc4 c5 8. a3 Bxc3+
9. bxc3 Qc7 10. Ba2 b6 11. O-O Ba6 12. Re1 Nc6 13. Bb2 $2 (13. Ng3 Rfd8 14. Qf3
$11) 13... Na5 {Zhao made the most of the opportunity and quite confidently
continued pressing her opponent until White finally buckled and resigned.} 14.
Qa4 Rac8 15. Rac1 Bxe2 16. Rxe2 cxd4 17. Qxd4 Rfd8 18. Qa4 Nc4 19. h3 Rd5 20.
e4 Nxb2 21. Rxb2 Qf4 22. Rf1 Rd7 23. Bb1 g6 24. Qb4 Rdc7 25. Rb3 Rc4 26. Qe7
R8c7 27. Qd8+ Kg7 28. Qd3 Qxe4 29. Qxe4 Nxe4 30. Bxe4 Rxe4 31. Rd1 Re2 32. Rd3
h5 33. h4 Ra2 34. g3 Rc5 35. Rf3 e5 36. Re3 Kf6 37. Kg2 Ke6 38. Kf3 Rd5 39. Kg2
Rdd2 40. Rf3 e4 41. Rf4 f5 42. c4 Rab2 0-1

[Event "Zonal Brighton"]
[Site "Brighton"]
[Date "1984.12.13"]
[Round "2"]
[White "Condie, Mark L"]
[Black "Speelman, Jonathan S"]
[Result "0-1"]
[WhiteElo "2340"]
[BlackElo "2495"]
[Annotator "ChessBase"]
[PlyCount "64"]
[EventDate "1984.12.12"]
[EventType "tourn"]
[EventRounds "9"]
[EventCountry "ENG"]
[EventCategory "7"]
[SourceTitle "MCL"]
[Source "ChessBase"]
[SourceDate "1999.07.01"]
[SourceVersion "1"]
[SourceVersionDate "1999.07.01"]
[SourceQuality "1"]

1. d4 Nf6 2. c4 e6 3. Nc3 Bb4 4. e3 O-O 5. Bd3 d5 6. a3 Bxc3+ 7. bxc3 e5 $5 (
7... c5 8. cxd5 exd5 9. Ne2 $14) 8. Bb2 (8. dxe5 dxc4 $1 9. exf6 (9. Bxc4 Qxd1+
10. Kxd1 Ng4 $10) 9... Qxd3 $13) (8. cxd5 $5) 8... e4 9. Be2 c6 10. h4 Nbd7 11.
cxd5 (11. Qb3 $5 Nb6 12. c5 Nc4 $5 13. Bxc4 dxc4 14. Qxc4 Be6 15. Qa4 b5 $44)
11... cxd5 12. Nh3 (12. c4 dxc4 13. Bxc4 Nb6 $15) 12... Nb6 13. Nf4 Nc4 $1 14.
Qb3 b5 $1 15. a4 (15. Qxb5 $2 Bd7 16. Qb3 Rb8 $19) 15... Bg4 16. Ba3 Re8 17.
Bxc4 (17. axb5 $2 Bxe2 18. Nxe2 a6 $1 19. bxa6 $2 Rxa6 $17) (17. Bxg4 $6 Nxg4
18. axb5 Qd7 $1 (18... a6 19. Bc1 axb5 20. Rxa8 Qxa8 21. Qxb5 $13) 19. O-O Reb8
$15) 17... bxc4 18. Qc2 Nh5 $1 $17 19. Nxh5 Bxh5 20. Rb1 Re6 21. Rb7 (21. Rb5
$142) 21... Rg6 22. Kf1 h6 (22... Rxg2 $142 $1 $19 23. Kxg2 Bf3+ 24. Kg1 Qc8
25. Kh2 Qxb7 $19) 23. Rh3 Bg4 (23... Bf3 $142 $1 24. Rh2 Qc8 $1 25. Rb2 Bxg2+
26. Rxg2 $2 Qh3 $19) 24. h5 Rg5 25. Rg3 (25. Rh4 $5) 25... Rxh5 $1 26. Rxg4 Qc8
$1 $19 27. Rxe4 Qxb7 28. Re7 Rh1+ 29. Ke2 Qc8 30. f3 Rb8 31. Bd6 Rb6 32. Be5
Rhb1 0-1

[Event "Khanty-Mansiysk FIDE GP (Women)"]
[Site "Khanty-Mansiysk"]
[Date "2014.04.09"]
[Round "1"]
[White "Ushenina, Anna"]
[Black "Muminova, Nafisa"]
[Result "1-0"]
[WhiteElo "2501"]
[BlackElo "2321"]
[Annotator "ChessBase Website"]
[PlyCount "95"]
[EventDate "2014.04.09"]
[EventType "tourn"]
[EventRounds "11"]
[EventCountry "RUS"]
[EventCategory "10"]
[SourceTitle "CBM 160"]
[Source "ChessBase"]
[SourceDate "2014.05.15"]
[SourceVersion "1"]
[SourceVersionDate "2014.05.15"]
[SourceQuality "1"]
[TimeControl "40/5400+30:1800+30"]
[WhiteClock "1:30:00"]
[BlackClock "1:30:00"]

1. d4 {[%emt 0:00:00]} Nf6 {[%emt 0:00:00]} 2. c4 {[%emt 0:00:00]} e6 {[%emt 0:
00:00]} 3. Nc3 {[%emt 0:00:11]} Bb4 {[%emt 0:00:00]} 4. e3 {[%emt 0:00:03]} O-O
{[%emt 0:00:09]} 5. Bd3 {[%emt 0:00:43]} d5 {[%emt 0:00:12]} 6. a3 {[%emt 0:01:
59]} Bxc3+ {[%emt 0:03:01]} 7. bxc3 {[%emt 0:00:02]} c5 {[%emt 0:02:36]} 8.
cxd5 {[%emt 0:00:25]} exd5 {[%emt 0:01:06]} 9. f3 {[%emt 0:03:10]} b6 {[%emt 0:
04:49]} 10. Ne2 {[%emt 0:00:11]} Ba6 {[%emt 0:02:56]} 11. O-O {[%emt 0:00:09]}
Re8 {[%emt 0:03:09]} 12. Ng3 {[%emt 0:00:54]} Bxd3 {[%emt 0:04:59]} 13. Qxd3 {
[%emt 0:00:02]} Nc6 {[%emt 0:00:16]} 14. Bb2 {[%emt 0:00:28]} c4 {[%emt 0:10:
21]} 15. Qd2 {[%emt 0:00:53]} (15. Qe2 h5 16. Rae1 Ne7 17. e4 h4 18. Nh1 Ng6
19. Nf2 Nh5 {1/2-1/2 (19) Rakhmanov,A (2603)-Gonzalez Vidal,Y (2523) Panama
City 2013}) 15... b5 {[%emt 0:04:53]} 16. Rae1 {[%emt 0:02:52]} a5 {[%emt 0:01:
00]} 17. Qf2 $146 {[%emt 0:42:00]} (17. e4 Qb6 18. Kh1 b4 19. e5 Nd7 20. f4
bxc3 21. Bxc3 Qb3 22. Ra1 Rab8 23. f5 f6 24. Nh5 fxe5 25. dxe5 Ndxe5 26. Qg5
Qb7 27. Nf6+ Kh8 28. Nxe8 Rxe8 29. Rae1 d4 30. Bxd4 h6 31. Qh5 Qb8 32. Bc3 Kh7
33. f6 Ng6 34. fxg7 Rxe1 35. Rxe1 Nce7 36. Qxa5 Qb7 37. Qb4 Qc7 38. Qb5 {
1-0 (38) Yakovich,Y (2549)-Frolochkin,V (2331) St Petersburg 2011}) 17... b4 {
[%emt 0:08:41]} 18. e4 {[%emt 0:00:56]} Rb8 {[%emt 0:00:33]} 19. e5 {[%emt 0:
05:53]} Nd7 {[%emt 0:01:46]} 20. f4 {[%emt 0:05:06]} bxc3 {[%emt 0:02:32]} 21.
Bxc3 {[%emt 0:00:31]} Rb3 {[%emt 0:00:16]} 22. Re3 {[%emt 0:13:07]} Nc5 23.
dxc5 {[%emt 0:01:01]} d4 {[%emt 0:08:07]} 24. Bxd4 {[%emt 0:04:33]} Qxd4 {
[%emt 0:00:24]} 25. Nf5 {[%emt 0:01:48]} Qxc5 {[%emt 0:02:03]} 26. Rg3 {
[%emt 0:02:27]} Qxf2+ {[%emt 0:01:51]} 27. Rxf2 {[%emt 0:00:15]} Rxg3 {[%emt 0:
07:53]} 28. hxg3 {[%emt 0:00:07]} Rb8 {[%emt 0:08:54] Muminova's opening was
good and she had adequate counterplay. She made some strange decisions and
ended in a rook endgame down a pawn, but it was possible that she adequate
resources to draw the game. Unfortunately for her she missed some key White
pawn advances and she found herself helpless against Ushenina's passed e-pawn.}
29. Rc2 {[%emt 0:01:31]} g6 {[%emt 0:00:46]} 30. Nd6 {[%emt 0:02:09]} Nd4 {
[%emt 0:01:52]} 31. Rxc4 {[%emt 0:00:43]} Nb5 {[%emt 0:00:16]} 32. Nxb5 {
[%emt 0:05:33]} Rxb5 {[%emt 0:00:07]} 33. Rc8+ {[%emt 0:00:08]} Kg7 {[%emt 0:
00:05]} 34. Ra8 {[%emt 0:00:02]} g5 {[%emt 0:02:45]} 35. Ra7 {[%emt 0:02:30]}
Kg6 {[%emt 0:00:12]} 36. Ra6+ {[%emt 0:00:17]} Kg7 {[%emt 0:02:32]} 37. Kh2 {
[%emt 0:04:55]} Rc5 {[%emt 0:01:22]} 38. Ra7 {[%emt 0:00:43]} Kg6 {[%emt 0:00:
16]} 39. Ra6+ {[%emt 0:00:19]} Kg7 {[%emt 0:00:06]} 40. Kh3 {[%emt 0:00:00]}
gxf4 {[%emt 0:00:00]} 41. gxf4 {[%emt 0:00:48]} Rc3+ {[%emt 0:00:40]} 42. Kg4 {
[%emt 0:01:05]} Rxa3 {[%emt 0:02:10]} 43. Ra7 {[%emt 0:00:13]} Kg8 {[%emt 0:02:
24]} 44. f5 {[%emt 0:01:09]} Ra2 {[%emt 0:03:35]} 45. f6 {[%emt 0:10:57]} h6 {
[%emt 0:00:34]} 46. Ra8+ {[%emt 0:00:35]} Kh7 {[%emt 0:00:25]} 47. e6 {[%emt 0:
00:05]} Kg6 {[%emt 0:02:21]} 48. e7 {[%emt 0:00:09]} 1-0